Seis cabezas en un sombrero (Record no. 173924)

MARC details
000 -LEADER
campo de control de longitud fija 00709namaa22001691 4500
001 - NÚMERO DE CONTROL
campo de control 173924
003 - IDENTIFICADOR DE NÚMERO DE CONTROL
campo de control ES-MaACL
005 - FECHA Y HORA DE LA ÚLTIMA TRANSACCIÓN
campo de control 20250909203613.0
008 - DATOS DE LONGITUD FIJA--INFORMACIÓN GENERAL
campo de control de longitud fija 100129s1839 sp r |||| | spa d
040 ## - FUENTE DE CATALOGACIÓN
Centro catalogador/agencia de origen SpMaBN
Lengua de catalogación spa
Centro/agencia transcriptor A2
245 00 - MENCIÓN DEL TÍTULO
Título Seis cabezas en un sombrero
Resto del título : comedia en un acto /
Mención de responsabilidad, etc. arreglada a nuestro teatro por Gaspar Fernando Coll.
260 ## - PUBLICACIÓN, DISTRIBUCIÓN, ETC.
Lugar de publicación, distribución, etc. Madrid :
Nombre del editor, distribuidor, etc. Boix, editor, impr.,
Fecha de publicación, distribución, etc. 1839.
300 ## - DESCRIPCIÓN FÍSICA
Extensión 36 p. ;
Dimensiones 17 cm.
700 1# - ENTRADA AGREGADA--NOMBRE PERSONAL
Nombre de persona Coll, Gaspar Fernando,
Fechas asociadas al nombre 1826-1855
9 (RLIN) 126538
852 ## - LOCALIZACIÓN
Ubicación ES-MaACL
Número de control de estantería F-8629(6)
Nota libre .- Enc. pasta española
condición física .- Falto de la cub. original
Nota libre .- Enc. en un vol. facticio formando parte de la col. facticia "Teatro español moderno", vol. 84
Holdings
Estatus retirado Estado de pérdida Estado de daño No para préstamo Colección Biblioteca de origen Biblioteca actual Ubicación en estantería Fecha de adquisición Fuente de adquisición Total de préstamos Signatura topográfica completa Código de barras Visto por última vez Precio de reemplazo Tipo de ítem Koha
        Libros del s. XIX Biblioteca del Ateneo de Madrid Biblioteca del Ateneo de Madrid Sala Pecera Planta 2 29/01/2010     F-8629(6) 1182564 23/02/2023 23/02/2023 Libro impreso antiguo